Joueurs de football passés par le Racing Club de Strasbourg en images - Statistiques

Statistiques générales
  • Ce quiz a été pris 37 fois
  • Le résultat moyen est 7 sur 12
Statistiques - réponses
Par images Hint Réponse % Correct
2000-2010 Jonathan Clauss
97%
2005-2008 Kévin Gameiro
94%
2013-2023 Dimitri Liénard
78%
1989-1990 Youri Djorkaeff
72%
2018-2020 Youssouf Fofana
69%
1978-1981 Arsène Wenger
50%
1994-1996 Franck Sauzée
50%
1991-1996 Marc Keller
50%
1977-1981 Raymond Domenech
47%
2007-2012 Michaël Cuisance
42%
1990-1996 Frank Leboeuf
33%
2006-2008 Morgan Schneiderlin
19%
Aucun quiz correspondant
Distribution des résultats
% des personnes avec chaque résultat
Percentile par nombre de réponses
Votre historique - résultats
Vous n’avez pas pris ce quiz